000 00670nam a2200193Ii 4500
003 JO-AjNU
008 230605s9999||||xx |||||||||||||| ||und||
040 _aJO-AjNU
_bara
_erda
_cJO-AjNU
041 _aara
050 1 4 _aKRM690
100 3 _aتأليف محمد، محمود عبد الرحمن ,
_eauthor
_944763
245 0 0 _aالوجيز في عقد الإيجار
264 3 1 _aالقاهرة: دار النهضة العربية، د،ت
300 _a272ص
336 _atext
_btxt
_2rdacontent
337 _aunmediated
_bn
_2rdamedia
338 _avolume
_bnc
_2rdacarrier
650 4 _aعقود الإيجار -- قوانين وتشريعات -- مصر
_944764
999 _aA19353
_c22921
_d22921